The entrepreneurial organization / (Record no. 169759)
[ view plain ]
| 000 -LEADER | |
|---|---|
| fixed length control field | 00687cam a2200217 a 4500 |
| 001 - CONTROL NUMBER | |
| control field | vtls000788760 |
| 003 - CONTROL NUMBER IDENTIFIER | |
| control field | MY-SjTCS |
| 005 - DATE AND TIME OF LATEST TRANSACTION | |
| control field | 20200226120735.0 |
| 008 - FIXED-LENGTH DATA ELEMENTS--GENERAL INFORMATION | |
| fixed length control field | 110218s1991 nju 00 0 eng d |
| 020 ## - INTERNATIONAL STANDARD BOOK NUMBER | |
| International Standard Book Number | 0132823284 |
| 039 #9 - LEVEL OF BIBLIOGRAPHIC CONTROL AND CODING DETAIL [OBSOLETE] | |
| Level of rules in bibliographic description | 201604070939 |
| Level of effort used to assign nonsubject heading access points | shuhada |
| Level of effort used to assign subject headings | 201102181251 |
| Level of effort used to assign classification | VLOAD |
| -- | 200407271833 |
| -- | VLOAD |
| 082 04 - DEWEY DECIMAL CLASSIFICATION NUMBER | |
| Classification number | 658.421 |
| Item number | KAO |
| 100 1# - MAIN ENTRY--PERSONAL NAME | |
| Personal name | Kao, John J. |
| 9 (RLIN) | 4017 |
| 245 14 - TITLE STATEMENT | |
| Title | The entrepreneurial organization / |
| Statement of responsibility, etc. | John J. Kao. |
| 260 ## - PUBLICATION, DISTRIBUTION, ETC. | |
| Place of publication, distribution, etc. | Englewood Cliffs, N.J. : |
| Name of publisher, distributor, etc. | Prentice Hall, |
| Date of publication, distribution, etc. | c1991. |
| 300 ## - PHYSICAL DESCRIPTION | |
| Extent | viii, 360 p. ; |
| Dimensions | 24 cm. |
| 650 #0 - SUBJECT ADDED ENTRY--TOPICAL TERM | |
| Topical term or geographic name entry element | Creative ability in business. |
| 650 #0 - SUBJECT ADDED ENTRY--TOPICAL TERM | |
| Topical term or geographic name entry element | Entrepreneurship |
| 650 #0 - SUBJECT ADDED ENTRY--TOPICAL TERM | |
| Topical term or geographic name entry element | Organizational change. |
| 920 ## - Programme | |
| Programme | AUDP : 53425, 53426, 53427 |
| Withdrawn status | Lost status | Source of classification or shelving scheme | Damaged status | Not for loan | Home library | Current library | Date acquired | Total Checkouts | Barcode | Date last seen | Date last checked out | Copy number | Koha item type | Public note |
|---|---|---|---|---|---|---|---|---|---|---|---|---|---|---|
| Withdrawn | Dewey Decimal Classification | Taylor's Library-TU | Taylor's Library-TU | 27/07/2004 | 1 | 1000028567 | 12/12/2019 | 09/05/2012 | 1 | Main Collection | TBSxx,34007,03,GR | |||
| Withdrawn | Dewey Decimal Classification | Taylor's Library-TU | Taylor's Library-TU | 27/07/2004 | 1 | 1000028566 | 12/12/2019 | 15/05/2012 | 1 | Main Collection | TBSxx,34002,03,GR | |||
| Dewey Decimal Classification | Taylor's Library-TU | Taylor's Library-TU | 27/07/2004 | 5 | 1000028565 | 12/12/2019 | 25/05/2012 | 1 | Main Collection | TBSxx,18002,03,GR |